Wybierz powiaty danego województwa - Statystyki

Ogólne statystyki
  • Ten quiz został rozwiązany 50 razy
  • Średni wynik to 217 z 320
Statystyki odpowiedzi
Zagadnienie Komórka Select % Poprawnych
Województwo Lubelskie Łódzki Wschodni Nie
100%
Województwo Lubelskie PŁOCK Nie
100%
Województwo Lubelskie Raciborski Nie
100%
Województwo Lubelskie Kolski Nie
97%
Województwo Lubelskie Proszowicki Nie
97%
Województwo Lubelskie Radomski Nie
97%
Województwo Lubelskie Strzelecko-Drezdenecki Nie
97%
Województwo Lubelskie Golubsko-Dobrzyński Nie
95%
Województwo Mazowieckie Karkonoski Nie
95%
Województwo Lubelskie Kolneński Nie
95%
Województwo Mazowieckie Krapkowicki Nie
95%
Województwo Lubelskie Łobeski Nie
95%
Województwo Mazowieckie Opolski Nie
95%
Województwo Mazowieckie Brzeziński Nie
92%
Województwo Lubelskie Choszczeński Nie
92%
Województwo Mazowieckie GDAŃSK Nie
92%
Województwo Mazowieckie Ostrzeszowski Nie
92%
Województwo Lubelskie Prudnicki Nie
92%
Województwo Lubelskie Puławski Tak
92%
Województwo Mazowieckie WAŁBRZYCH Nie
92%
Województwo Mazowieckie Żarski Nie
92%
Województwo Mazowieckie Lubartowski Nie
89%
Województwo Lubelskie Lubelski Tak
89%
Województwo Mazowieckie OSTROŁĘKA Tak
89%
Województwo Mazowieckie Bieruńsko-Lędziński Nie
86%
Województwo Lubelskie CHEŁM Tak
86%
Województwo Mazowieckie Gostyński Nie
86%
Województwo Podlaskie KALISZ Nie
86%
Województwo Podlaskie Krotoszyński Nie
86%
Województwo Mazowieckie Rypiński Nie
86%
Województwo Mazowieckie WARSZAWA Tak
86%
Województwo Podlaskie Kędzierzyńsko-Kozielski Nie
84%
Województwo Kujawsko-Pomorskie KRAKÓW Nie
84%
Województwo Kujawsko-Pomorskie KROSNO Nie
84%
Województwo Podlaskie Kutnowski Nie
84%
Województwo Podlaskie OPOLE Nie
84%
Województwo Podlaskie Ostrołęcki Nie
84%
Województwo Kujawsko-Pomorskie ŚWIĘTOCHŁOWICE Nie
84%
Województwo Podlaskie Wadowicki Nie
84%
Województwo Mazowieckie Żyrardowski Tak
84%
Województwo Lubuskie Augustowski Nie
81%
Województwo Wielkopolskie Bielski Nie
81%
Województwo Lubelskie Biłgorajski Tak
81%
Województwo Kujawsko-Pomorskie BYTOM Nie
81%
Województwo Lubelskie Chełmiński Nie
81%
Województwo Wielkopolskie ELBLĄG Nie
81%
Województwo Podlaskie Grudziądzki Nie
81%
Województwo Lubuskie Gryfiński Nie
81%
Województwo Kujawsko-Pomorskie Jaworski Nie
81%
Województwo Podlaskie Kaliski Nie
81%
Województwo Lubuskie Kolski Nie
81%
Województwo Lubelskie Krasnostawski Tak
81%
Województwo Kujawsko-Pomorskie ŁÓDŹ Nie
81%
Województwo Opolskie Nidzicki Nie
81%
Województwo Kujawsko-Pomorskie Ostrowski Nie
81%
Województwo Wielkopolskie Pabianicki Nie
81%
Województwo Lubuskie PŁOCK Nie
81%
Województwo Lubuskie Policki Nie
81%
Województwo Mazowieckie Pułtuski Tak
81%
Województwo Mazowieckie Radomszczański Nie
81%
Województwo Podlaskie Rybnicki Nie
81%
Województwo Mazowieckie Sochaczewski Tak
81%
Województwo Podlaskie Suski Nie
81%
Województwo Podlaskie SUWAŁKI Tak
81%
Województwo Lubuskie Świdnicki Nie
81%
Województwo Wielkopolskie ŚWINOUJŚCIE Nie
81%
Województwo Wielkopolskie Tczewski Nie
81%
Województwo Wielkopolskie Włoszczowski Nie
81%
Województwo Opolskie Złotowski Nie
81%
Województwo Lubuskie Bełchatowski Nie
78%
Województwo Pomorskie BIAŁYSTOK Nie
78%
Województwo Opolskie Brodnicki Nie
78%
Województwo Kujawsko-Pomorskie Brzozowski Nie
78%
Województwo Kujawsko-Pomorskie Bydgoski Tak
78%
Województwo Opolskie Gdański Nie
78%
Województwo Wielkopolskie GDYNIA Nie
78%
Województwo Pomorskie Gorlicki Nie
78%
Województwo Opolskie Grójecki Nie
78%
Województwo Pomorskie Kazimierski Nie
78%
Województwo Lubuskie Kępiński Nie
78%
Województwo Lubuskie Kłodzki Nie
78%
Województwo Wielkopolskie Łęczyński Nie
78%
Województwo Pomorskie Legionowski Nie
78%
Województwo Lubelskie Lubaczowski Nie
78%
Województwo Pomorskie Lubliniecki Nie
78%
Województwo Pomorskie Mikołowski Nie
78%
Województwo Pomorskie Mogileński Nie
78%
Województwo Kujawsko-Pomorskie Nowosolski Nie
78%
Województwo Pomorskie NOWY SĄCZ Nie
78%
Województwo Opolskie Oświęcimski Nie
78%
Województwo Wielkopolskie Poznański Tak
78%
Województwo Pomorskie Pszczyński Nie
78%
Województwo Lubuskie Sandomierski Nie
78%
Województwo Pomorskie Strzyżowski Nie
78%
Województwo Wielkopolskie Świebodziński Nie
78%
Województwo Opolskie Szczecinecki Nie
78%
Województwo Opolskie Sztumski Nie
78%
Województwo Pomorskie TARNOBRZEG Nie
78%
Województwo Opolskie ZAMOŚĆ Nie
78%
Województwo Kujawsko-Pomorskie Zawierciański Nie
78%
Województwo Opolskie Zgorzelecki Nie
78%
Województwo Pomorskie ZIELONA GÓRA Nie
78%
Województwo Pomorskie Żywiecki Nie
78%
Województwo Pomorskie Bialski Nie
76%
Województwo Łódzkie Bielski Nie
76%
Województwo Łódzkie BYTOM Nie
76%
Województwo Łódzkie Częstochowski Nie
76%
Województwo Wielkopolskie Dąbrowski Nie
76%
Województwo Kujawsko-Pomorskie Drawski Nie
76%
Województwo Podlaskie Ełcki Nie
76%
Województwo Lubuskie GORZÓW WIELKOPOLSKI Tak
76%
Województwo Łódzkie Gryficki Nie
76%
Województwo Świętokrzyskie Kędzierzyńsko-Kozielski Nie
76%
Województwo Kujawsko-Pomorskie Kętrzyński Nie
76%
Województwo Łódzkie Kluczborski Nie
76%
Województwo Opolskie Kolbuszowski Nie
76%
Województwo Łódzkie Kolski Nie
76%
Województwo Kujawsko-Pomorskie Konecki Nie
76%
Województwo Łódzkie Kościański Nie
76%
Województwo Wielkopolskie Lipski Nie
76%
Województwo Świętokrzyskie ŁOMŻA Nie
76%
Województwo Świętokrzyskie Lwówecki Nie
76%
Województwo Kujawsko-Pomorskie Moniecki Nie
76%
Województwo Pomorskie Nakielski Nie
76%
Województwo Opolskie Opolski Tak
76%
Województwo Świętokrzyskie Opolski Nie
76%
Województwo Świętokrzyskie RADOM Nie
76%
Województwo Wielkopolskie Sieradzki Nie
76%
Województwo Pomorskie SOPOT Tak
76%
Województwo Łódzkie SOSNOWIEC Nie
76%
Województwo Lubuskie Strzelecki Nie
76%
Województwo Lubuskie Świdwiński Nie
76%
Województwo Świętokrzyskie Tomaszowski Nie
76%
Województwo Świętokrzyskie Toruński Nie
76%
Województwo Łódzkie WARSZAWA Nie
76%
Województwo Wielkopolskie Wieluński Nie
76%
Województwo Łódzkie Złotoryjski Nie
76%
Województwo Kujawsko-Pomorskie Aleksandrowski Tak
73%
Województwo Łódzkie Bartoszycki Nie
73%
Województwo Podlaskie Bialski Nie
73%
Województwo Świętokrzyskie Bolesławiecki Nie
73%
Województwo Świętokrzyskie Cieszyński Nie
73%
Województwo Świętokrzyskie DĄBROWA GÓRNICZA Nie
73%
Województwo Łódzkie Hrubieszowski Nie
73%
Województwo Świętokrzyskie Kielecki Tak
73%
Województwo Opolskie Kluczborski Tak
73%
Województwo Łódzkie Konecki Nie
73%
Województwo Wielkopolskie Ostródzki Nie
73%
Województwo Łódzkie Piotrkowski Tak
73%
Województwo Świętokrzyskie Ropczycko-Sędziszowski Nie
73%
Województwo Pomorskie Słupski Tak
73%
Województwo Kujawsko-Pomorskie Sokólski Nie
73%
Województwo Świętokrzyskie Strzelecko-Drezdenecki Nie
73%
Województwo Wielkopolskie Turecki Tak
73%
Województwo Wielkopolskie Zambrowski Nie
73%
Województwo Kujawsko-Pomorskie Żniński Tak
73%
Województwo Podlaskie Braniewski Nie
70%
Województwo Lubuskie Gorzowski Tak
70%
Województwo Podlaskie Grajewski Tak
70%
Województwo Lubelskie Janowski Tak
70%
Województwo Lubuskie JELENIA GÓRA Nie
70%
Województwo Małopolskie Kaliski Nie
70%
Województwo Małopolskie Kędzierzyńsko-Kozielski Nie
70%
Województwo Łódzkie Kłobucki Nie
70%
Województwo Wielkopolskie Leszczyński Tak
70%
Województwo Pomorskie Nowomiejski Nie
70%
Województwo Opolskie Nyski Tak
70%
Województwo Świętokrzyskie Opoczyński Nie
70%
Województwo Podlaskie Siemiatycki Tak
70%
Województwo Świętokrzyskie Stalowowolski Nie
70%
Województwo Małopolskie Starogardzki Nie
70%
Województwo Małopolskie Świdnicki Nie
70%
Województwo Kujawsko-Pomorskie Świecki Tak
70%
Województwo Małopolskie Będziński Nie
68%
Województwo Śląskie Grudziądzki Nie
68%
Województwo Śląskie Inowrocławski Nie
68%
Województwo Śląskie Kamieński Nie
68%
Województwo Małopolskie Karkonoski Nie
68%
Województwo Małopolskie Kolbuszowski Nie
68%
Województwo Zachodniopomorskie Kraśnicki Nie
68%
Województwo Zachodniopomorskie KROSNO Nie
68%
Województwo Śląskie Krotoszyński Nie
68%
Województwo Małopolskie Kutnowski Nie
68%
Województwo Małopolskie Łaski Nie
68%
Województwo Podlaskie Łomżyński Tak
68%
Województwo Śląskie Lubelski Nie
68%
Województwo Lubuskie Nowosolski Tak
68%
Województwo Zachodniopomorskie Olsztyński Nie
68%
Województwo Zachodniopomorskie Opoczyński Nie
68%
Województwo Opolskie OPOLE Tak
68%
Województwo Śląskie Ostrołęcki Nie
68%
Województwo Śląskie Pabianicki Nie
68%
Województwo Małopolskie PIEKARY ŚLĄSKIE Nie
68%
Województwo Małopolskie Pińczowski Nie
68%
Województwo Zachodniopomorskie Proszowicki Nie
68%
Województwo Zachodniopomorskie Prudnicki Nie
68%
Województwo Wielkopolskie Rawicki Tak
68%
Województwo Małopolskie Siemiatycki Nie
68%
Województwo Łódzkie SKIERNIEWICE Tak
68%
Województwo Zachodniopomorskie Szydłowiecki Nie
68%
Województwo Śląskie Tarnobrzeski Nie
68%
Województwo Śląskie Zgorzelecki Nie
68%
Województwo Małopolskie ŻORY Nie
68%
Województwo Zachodniopomorskie GDAŃSK Nie
65%
Województwo Zachodniopomorskie Lęborski Nie
65%
Województwo Śląskie Lubański Nie
65%
Województwo Pomorskie Malborski Tak
65%
Województwo Zachodniopomorskie Myślenicki Nie
65%
Województwo Opolskie Namysłowski Tak
65%
Województwo Małopolskie Ostrowiecki Nie
65%
Województwo Świętokrzyskie Pińczowski Tak
65%
Województwo Śląskie POZNAŃ Nie
65%
Województwo Zachodniopomorskie RYBNIK Nie
65%
Województwo Zachodniopomorskie TARNÓW Nie
65%
Województwo Kujawsko-Pomorskie Wąbrzeski Tak
65%
Województwo Lubuskie Żagański Tak
65%
Województwo Śląskie Żarski Nie
65%
Województwo Opolskie Brzeski Tak
62%
Województwo Pomorskie Bytowski Tak
62%
Województwo Mazowieckie Gostyniński Tak
62%
Województwo Zachodniopomorskie Grajewski Nie
62%
Województwo Mazowieckie Łosicki Tak
62%
Województwo Małopolskie Przysuski Nie
62%
Województwo Łódzkie Radomszczański Tak
62%
Województwo Śląskie RUDA ŚLĄSKA Tak
62%
Województwo Świętokrzyskie Skarżyski Tak
62%
Województwo Śląskie SOSNOWIEC Tak
62%
Województwo Podlaskie Wysokomazowiecki Tak
62%
Województwo Łódzkie Zgierski Tak
62%
Województwo Dolnośląskie Biłgorajski Nie
59%
Województwo Wielkopolskie Czarnkowsko-Trzcianecki Tak
59%
Województwo Dolnośląskie ELBLĄG Nie
59%
Województwo Dolnośląskie KALISZ Nie
59%
Województwo Dolnośląskie Myszkowski Nie
59%
Województwo Dolnośląskie Niżański Nie
59%
Województwo Małopolskie NOWY SĄCZ Tak
59%
Województwo Dolnośląskie Nyski Nie
59%
Województwo Świętokrzyskie Opatowski Tak
59%
Województwo Zachodniopomorskie Policki Tak
59%
Województwo Opolskie Prudnicki Tak
59%
Województwo Dolnośląskie RADOM Nie
59%
Województwo Lubuskie Sulęciński Tak
59%
Województwo Dolnośląskie SZCZECIN Nie
59%
Województwo Śląskie Wodzisławski Tak
59%
Województwo Lubuskie Wschowski Tak
59%
Województwo Dolnośląskie Bełchatowski Nie
57%
Województwo Podlaskie Bielski Tak
57%
Województwo Dolnośląskie BIELSKO-BIAŁA Nie
57%
Województwo Opolskie Głubczycki Tak
57%
Województwo Dolnośląskie Iławski Nie
57%
Województwo Dolnośląskie Kolneński Nie
57%
Województwo Małopolskie Nowotarski Tak
57%
Województwo Opolskie Oleski Tak
57%
Województwo Dolnośląskie OPOLE Nie
57%
Województwo Łódzkie Pajęczański Tak
57%
Województwo Dolnośląskie Płoński Nie
57%
Województwo Świętokrzyskie Staszowski Tak
57%
Województwo Małopolskie Tatrzański Tak
57%
Województwo Zachodniopomorskie Goleniowski Tak
54%
Województwo Śląskie JASTRZĘBIE-ZDRÓJ Tak
54%
Województwo Śląskie JAWORZNO Tak
54%
Województwo Małopolskie Olkuski Tak
54%
Województwo Śląskie SIEMIANOWICE ŚLĄSKIE Tak
54%
Województwo Świętokrzyskie Starachowicki Tak
54%
Województwo Zachodniopomorskie Koszaliński Tak
51%
Województwo Łódzkie Łowicki Tak
51%
Województwo Zachodniopomorskie Pyrzycki Tak
51%
Województwo Małopolskie Suski Tak
51%
Województwo Warmińsko-Mazurskie Bielski Nie
49%
Województwo Warmińsko-Mazurskie Kaliski Nie
49%
Województwo Śląskie Kłobucki Tak
49%
Województwo Warmińsko-Mazurskie Kłodzki Nie
49%
Województwo Warmińsko-Mazurskie LESZNO Nie
49%
Województwo Śląskie Lubliniecki Tak
49%
Województwo Warmińsko-Mazurskie Policki Nie
49%
Województwo Zachodniopomorskie Sławieński Tak
49%
Województwo Zachodniopomorskie Wałecki Tak
49%
Województwo Warmińsko-Mazurskie Warszawski Zachodni Nie
49%
Województwo Dolnośląskie WROCŁAW Tak
49%
Województwo Warmińsko-Mazurskie BIAŁA PODLASKA Nie
46%
Województwo Warmińsko-Mazurskie CHORZÓW Nie
46%
Województwo Warmińsko-Mazurskie Łódzki Wschodni Nie
46%
Województwo Warmińsko-Mazurskie Łosicki Nie
46%
Województwo Dolnośląskie Lubiński Tak
46%
Województwo Dolnośląskie Polkowicki Tak
46%
Województwo Warmińsko-Mazurskie Rypiński Nie
46%
Województwo Warmińsko-Mazurskie Sulęciński Nie
46%
Województwo Warmińsko-Mazurskie Krotoszyński Nie
43%
Województwo Warmińsko-Mazurskie Sępoleński Nie
43%
Województwo Dolnośląskie Świdwiński Nie
43%
Województwo Warmińsko-Mazurskie Gołdapski Tak
41%
Województwo Podkarpackie Ełcki Nie
38%
Województwo Podkarpackie Gorlicki Nie
38%
Województwo Podkarpackie Jaworski Nie
38%
Województwo Podkarpackie JELENIA GÓRA Nie
38%
Województwo Podkarpackie Moniecki Nie
38%
Województwo Warmińsko-Mazurskie OLSZTYN Tak
38%
Województwo Podkarpackie PIOTRKÓW TRYBUNALSKI Nie
38%
Województwo Podkarpackie Słubicki Nie
38%
Województwo Podkarpackie Tatrzański Nie
38%
Województwo Dolnośląskie Trzebnicki Tak
38%
Województwo Podkarpackie Wejherowski Nie
38%
Województwo Podkarpackie Wieruszowski Nie
38%
Województwo Podkarpackie Zawierciański Nie
38%
Województwo Podkarpackie Janowski Nie
35%
Województwo Lubuskie Krośnieński Tak
35%
Województwo Warmińsko-Mazurskie Lidzbarski Tak
35%
Województwo Podkarpackie RZESZÓW Tak
35%
Województwo Podkarpackie WŁOCŁAWEK Nie
35%
Województwo Podkarpackie Włoszczowski Nie
35%
Województwo Dolnośląskie Wołowski Tak
35%
Województwo Warmińsko-Mazurskie Braniewski Tak
32%
Województwo Warmińsko-Mazurskie Piski Tak
32%
Województwo Podkarpackie Dębicki Tak
30%
Województwo Warmińsko-Mazurskie Bartoszycki Tak
27%
Województwo Zachodniopomorskie Białogardzki Tak
27%
Województwo Podkarpackie Mielecki Tak
24%
Województwo Podkarpackie Stalowowolski Tak
24%
Województwo Podkarpackie Jasielski Tak
22%
Województwo Podkarpackie Leżajski Tak
22%
Nie znaleziono quizów pasujących do podanych kryteriów
Rozkład punktacji
Procent ludzi z każdym wynikiem
Percentyl według liczby udzielonych odpowiedzi
Twoja historia wyników
Nie rozwiązałeś tego quizu